[Event "AUTO-OPEN-4642"]
[Site "http://www.queenalice.com/game.php?id=1870189"]
[Date "2026.3.7"]
[Round "1"]
[White "zubarev"]
[Black "MarcosT"]
[Result "0-1"]
[WhiteElo "1810"]
[BlackElo "2057"]

1. d4 d5 2. Nc3 e6 3. Nf3 Be7 4. e3 Nf6 5. Ne5 c5 6. Be2 O-O 7. f4 a6 8. O-O b5
9. Bd2 Bb7 10. a3 Nc6 11. Bf3 Nxe5 12. fxe5 Ne4 13. Bxe4 dxe4 14. Qe1 cxd4 15.
exd4 Qxd4+ 16. Kh1 Qxe5 17. Bf4 Qc5 18. Be3 Qh5 19. Bf4 Bg5 20. Bg3 e3 21. Qd1
Qh6 22. Qd7 Ra7 23. Qd4 Qh3 24. Ne4 Bxe4 25. Qxe4 Qh6 26. Qf3 f5 27. Qc6 f4 28.
Be1 Raa8 29. c3 e2 30. Rg1 Ra7 31. Qf3 Raf7 32. Bf2 e5 33. Rae1 e4 34. Qxe2 e3
35. Rgf1 exf2 36. Rd1 f3 37. gxf3 Rxf3 38. c4 Qc6 39. Rd5 R3f5 40. Qd3 bxc4 0-1

[Event "AUTO-OPEN-4642"]
[Site "http://www.queenalice.com/game.php?id=1870190"]
[Date "2026.3.7"]
[Round "1"]
[White "MarcosT"]
[Black "zubarev"]
[Result "1-0"]
[WhiteElo "2051"]
[BlackElo "1813"]

1. d4 d5 2. e3 Nf6 3. Nd2 e6 4. Bd3 Bd6 5. f4 O-O 6. c3 c5 7. Ngf3 Nc6 8. Ne5 c4
9. Bc2 Nd7 10. Ndf3 f6 11. Nxc6 bxc6 12. O-O Bb7 13. Nh4 f5 14. Nf3 Nf6 15. Ng5
Qd7 16. Rf3 h6 17. Nh3 Ne4 18. Nf2 Qe7 19. Nxe4 fxe4 20. Rh3 Bc8 21. Qe2 c5 22.
Bd2 Rb8 23. b3 cxd4 24. exd4 Ba6 25. b4 Bxf4 26. Bxf4 Rxf4 27. Rf1 Rbf8 28. Rxf4
Rxf4 29. Qe1 Bc8 30. Rg3 e5 31. Qe3 Qf6 32. h3 Rf1+ 33. Kh2 Rf2 34. dxe5 Qb6 35.
Qc1 Kh7 36. Bb1 Re2 37. Qd1 Qf2 38. Qxd5 Bf5 39. Qf7 Qf1 40. Qxg7# 1-0

[Event "AUTO-OPEN-4642"]
[Site "http://www.queenalice.com/game.php?id=1870211"]
[Date "2026.3.7"]
[Round "1"]
[White "mvson33"]
[Black "MarcosT"]
[Result "0-1"]
[WhiteElo "1853"]
[BlackElo "2033"]

1. d4 d5 2. Nf3 e6 3. g3 Nc6 4. Bg2 Be7 5. O-O Nf6 6. Bg5 O-O 7. Nc3 b6 8. Bf4
Bb7 9. Rc1 Na5 10. Nb5 Ne4 11. Nxc7 Rc8 12. Nb5 a6 13. a3 axb5 14. Ne5 Bg5 15.
Bxg5 Qxg5 16. Nf3 Qd8 17. Ne5 f6 18. Nf3 Nc4 19. Rb1 Bc6 20. Re1 Be8 21. Bh3 Bf7
22. Bg2 h6 23. Qc1 Bg6 24. Ra1 Bh7 25. e3 Rf7 26. b3 Ncd6 27. Qb2 Nxf2 28. Kxf2
Rxc2+ 0-1

[Event "AUTO-OPEN-4642"]
[Site "http://www.queenalice.com/game.php?id=1870212"]
[Date "2026.3.7"]
[Round "1"]
[White "MarcosT"]
[Black "mvson33"]
[Result "1-0"]
[WhiteElo "2044"]
[BlackElo "1858"]

1. d4 Nf6 2. e3 d5 3. Nd2 g6 4. Bd3 Bg7 5. f4 O-O 6. Ngf3 Nc6 7. c3 Bd7 8. O-O
Bg4 9. h3 Bd7 10. b3 Rc8 11. a4 a6 12. Ba3 Re8 13. Ne5 Nh5 14. Qf3 Nf6 15. Nxd7
Qxd7 16. g4 e6 17. Rf2 Red8 18. Raf1 Na7 19. e4 dxe4 20. Nxe4 Nxe4 21. Qxe4 Qd5
22. f5 Qxe4 23. Bxe4 Rb8 24. fxg6 fxg6 25. Rf7 Nc6 26. Rxc7 Rdc8 27. Rff7 Rxc7
28. Rxc7 Bf8 29. Bxf8 Kxf8 30. Rxh7 Kg8 31. Bxg6 Na5 32. b4 Nc4 33. Rc7 Nb2 34.
a5 Nd1 35. Bf7+ Kg7 36. Bxe6+ Kf6 37. Bf5 Nxc3 38. Rxc3 Rd8 39. Rc4 Kg5 40. Kg2
Kh4 41. Kf3 Kxh3 42. Rc7 1-0

[Event "AUTO-OPEN-4642"]
[Site "http://www.queenalice.com/game.php?id=1870223"]
[Date "2026.3.7"]
[Round "1"]
[White "TammieM3ENF"]
[Black "MarcosT"]
[Result "0-1"]
[WhiteElo "1308"]
[BlackElo "2044"]

1. d4 d5 2. Nc3 e6 3. e4 c5 4. b4 cxd4 5. Nb5 Bxb4+ 6. c3 dxc3 7. exd5 c2+ 8.
Qd2 Bxd2+ 9. Bxd2 a6 10. Na3 Nf6 11. Nxc2 Qxd5 12. f3 O-O 13. g4 Nc6 14. h4 Nd4
15. Rc1 Nxf3+ 16. Nxf3 Qxf3 17. Nd4 Qxh1 18. Ke2 Qe4+ 19. Be3 Nd5 20. g5 Qxe3+
21. Kd1 Qxd4+ 22. Ke1 Qxh4+ 23. Ke2 Qe4+ 24. Kd1 Ne3+ 25. Ke1 Qb4+ 26. Ke2 Qb2+
27. Ke1 Qxc1+ 28. Kf2 Qxf1+ 29. Kxe3 Rd8 30. a4 Rd3+ 31. Ke4 Qf5# 0-1

[Event "AUTO-OPEN-4642"]
[Site "http://www.queenalice.com/game.php?id=1870224"]
[Date "2026.3.7"]
[Round "1"]
[White "MarcosT"]
[Black "TammieM3ENF"]
[Result "1-0"]
[WhiteElo "2042"]
[BlackElo "1312"]

1. d4 d5 2. e3 e6 3. Nd2 Nf6 4. Bd3 b6 5. c3 a5 6. e4 c5 7. e5 cxd4 8. cxd4 b5
9. exf6 gxf6 10. Bxb5+ Bd7 11. Ba4 e5 12. Ne2 f5 13. O-O e4 14. Nc3 f4 15. Nxd5
e3 16. fxe3 f3 17. Nxf3 h5 18. Ne5 f6 19. Nxf6+ Ke7 20. Nd5+ Ke6 21. Qb3 h4 22.
Bxd7+ Nxd7 23. Nc3+ Ke7 24. Qf7+ Kd6 25. Nb5# 1-0

[Event "AUTO-OPEN-4609"]
[Site "http://www.queenalice.com/game.php?id=1870566"]
[Date "2026.3.14"]
[Round "2"]
[White "delphicoracle"]
[Black "MarcosT"]
[Result "1-0"]
[WhiteElo "2674"]
[BlackElo "2046"]

1. Nf3 Nf6 2. g3 e5 3. Nxe5 Nc6 4. Nxc6 dxc6 5. Bg2 Bc5 6. c3 O-O 7. d4 Bb6 8.
Bg5 Re8 9. a4 a5 10. Nd2 Be6 11. O-O c5 12. Bxb7 Rb8 13. Bc6 Rf8 14. Ne4 h6 15.
Nxf6+ gxf6 16. Bxh6 Bh3 17. e3 1-0

[Event "AUTO-OPEN-4609"]
[Site "http://www.queenalice.com/game.php?id=1870567"]
[Date "2026.3.14"]
[Round "2"]
[White "MarcosT"]
[Black "delphicoracle"]
[Result "0-1"]
[WhiteElo "2053"]
[BlackElo "2675"]

1. d4 f5 2. c4 e6 3. Nc3 Nf6 4. Nf3 Bb4 5. Bd2 O-O 6. e3 b6 7. Qb3 Bxc3 8. Bxc3
Bb7 9. Be2 Ne4 10. Bb4 d6 11. d5 Na6 12. Ba3 Nac5 13. Bxc5 Nxc5 14. Qd1 Qf6 0-1

[Event "Let's Play Chess!"]
[Site "http://www.queenalice.com/game.php?id=1870818"]
[Date "2026.3.24"]
[Round "-"]
[White "alow_proton"]
[Black "MarcosT"]
[Result "0-1"]
[WhiteElo "2039"]
[BlackElo "2083"]

1. e4 e5 2. f4 Nc6 3. Nf3 d6 4. Bb5 Bd7 5. O-O a6 6. Bc4 Nf6 7. d4 Nxd4 8. Nc3
Be7 9. fxe5 Nxf3+ 10. Qxf3 dxe5 11. Nd5 O-O 12. Nxe7+ Qxe7 13. Kh1 Bg4 14. Qe3
b5 15. Be2 Be6 16. b3 c5 17. Bb2 Bd7 18. Rad1 Rad8 19. h3 Bc6 20. Bf3 h6 21. Rd3
Rd7 22. Rfd1 Rfd8 23. Rxd7 Rxd7 24. Rxd7 Nxd7 25. Kh2 Nf6 26. Qd2 Nxe4 27. Qe2
f5 28. g3 Qe6 29. Qd3 Nf2 30. Qe2 Bxf3 31. Qxf3 Ne4 32. Qd3 Qg6 33. Bxe5 Kh7 34.
c3 Qe6 35. Bf4 c4 36. bxc4 Qxc4 37. Qxc4 bxc4 38. Be5 g5 39. Kg2 g4 40. hxg4
fxg4 41. Kf1 Kg6 42. Kg2 Kf5 43. Bd4 h5 44. Bg7 Nc5 45. Kf2 Ke4 46. Ke2 Ne6 47.
Bf6 Nc5 48. Be7 Kd5 49. Bxc5 Kxc5 50. Ke3 Kd5 51. Kf4 Ke6 52. Kg5 Ke5 53. a3 Ke4
54. Kxh5 Kd3 55. Kxg4 Kxc3 56. Kf5 Kd4 57. g4 c3 58. g5 c2 0-1

[Event "Let's Play Chess!"]
[Site "http://www.queenalice.com/game.php?id=1870819"]
[Date "2026.3.24"]
[Round "-"]
[White "MarcosT"]
[Black "alow_proton"]
[Result "1-0"]
[WhiteElo "2075"]
[BlackElo "2052"]

1. d4 d5 2. e3 Nf6 3. f4 Bg4 4. Be2 Bxe2 5. Qxe2 a6 6. Nc3 e6 7. Bd2 c5 8. Nf3
Nc6 9. dxc5 Bxc5 10. O-O-O Bb4 11. Nd4 Qa5 12. Nb3 Qc7 13. a3 Be7 14. g4 Na5 15.
Nxa5 Qxa5 16. Ne4 Qc7 17. Nxf6+ Bxf6 18. g5 Be7 19. Bc3 Bf8 20. h4 Rc8 21. Rd3
b5 22. h5 a5 23. h6 Rg8 24. hxg7 Bxg7 25. Bxg7 Rxg7 26. Rc3 Qb7 27. Rxc8+ Qxc8
28. Qxb5+ Kf8 29. Qxa5 Kg8 30. Qb4 Qd8 31. Qd4 Rg6 32. Rh6 Rxh6 33. gxh6 f6 34.
Qa7 Qf8 35. Qd7 e5 36. fxe5 fxe5 37. Qxd5+ Qf7 38. Qxe5 Qf1+ 39. Kd2 Qf2+ 40.
Kc3 Qe1+ 41. Kb3 Qf2 42. Qg7# 1-0

[Event "AUTO-OPEN-4645"]
[Site "http://www.queenalice.com/game.php?id=1871116"]
[Date "2026.3.28"]
[Round "1"]
[White "MarcosT"]
[Black "askasl159"]
[Result "1-0"]
[WhiteElo "2097"]
[BlackElo "1697"]

1. d4 d5 2. e3 g6 3. Bd3 Bg7 4. c3 Nh6 5. Nd2 O-O 6. f4 Nc6 7. Ngf3 Bf5 8. Be2
a6 9. O-O Na7 10. h3 c5 11. g4 Be4 12. Nxe4 dxe4 13. Ng5 cxd4 14. exd4 Qd5 15.
b3 f6 16. Bc4 1-0

[Event "AUTO-OPEN-4645"]
[Site "http://www.queenalice.com/game.php?id=1871117"]
[Date "2026.3.28"]
[Round "1"]
[White "askasl159"]
[Black "MarcosT"]
[Result "0-1"]
[WhiteElo "1727"]
[BlackElo "2090"]

1. e4 e5 2. f4 Nf6 3. Nc3 exf4 4. Nf3 Bc5 5. d4 Bb6 6. Bxf4 O-O 7. Bd3 d6 8. O-O
Nc6 9. Bc4 Re8 10. Re1 Bg4 11. h3 Bxf3 12. Qxf3 Nxd4 13. Qf2 Nf3+ 0-1

[Event "AUTO-OPEN-4645"]
[Site "http://www.queenalice.com/game.php?id=1871118"]
[Date "2026.3.28"]
[Round "1"]
[White "MarcosT"]
[Black "EdsonEstevam"]
[Result "1-0"]
[WhiteElo "2099"]
[BlackElo "1747"]

1. e4 e5 2. Nf3 Nc6 3. Bc4 h6 4. O-O Nf6 5. d3 d6 6. Nbd2 Bg4 7. Re1 Qd7 8. Nf1
Be7 9. Ng3 g6 10. h3 Be6 11. Bxe6 Qxe6 12. c3 O-O-O 13. Be3 Kb8 14. b4 h5 15.
Ng5 Qd7 16. Nxf7 h4 17. Ne2 Rh5 18. Nxd8 Nxd8 19. c4 g5 20. b5 g4 21. Kh2 g3+
22. fxg3 hxg3+ 23. Nxg3 Rh4 24. Nf5 Rh5 25. a4 b6 26. a5 Nb7 27. axb6 axb6 28.
Qa4 Ng4+ 29. Kg1 Na5 30. hxg4 Rh7 31. Bd2 Kc8 32. Bxa5 bxa5 33. Qxa5 Qe6 34.
Qa8+ Kd7 35. Qc6+ Kd8 36. Ra8+ Qc8 37. Rea1 Bf6 38. Rxc8+ Kxc8 39. Ra8# 1-0

[Event "AUTO-OPEN-4645"]
[Site "http://www.queenalice.com/game.php?id=1871119"]
[Date "2026.3.28"]
[Round "1"]
[White "EdsonEstevam"]
[Black "MarcosT"]
[Result "0-1"]
[WhiteElo "1699"]
[BlackElo "2073"]

1. e4 e5 2. Nf3 Nf6 3. Nc3 Bc5 4. h3 Nc6 5. Bb5 a6 6. Bxc6 dxc6 7. O-O O-O 8.
Nxe5 Re8 9. Nd3 Ba7 10. b3 Nxe4 11. Nxe4 Rxe4 12. Bb2 Qg5 13. Qf3 Bf5 14. Rae1
Rae8 15. Be5 Rxe1 16. Rxe1 Bxd3 17. Qxd3 h5 18. Qd4 Bxd4 0-1

[Event "AUTO-OPEN-4610"]
[Site "http://www.queenalice.com/game.php?id=1871179"]
[Date "2026.3.29"]
[Round "2"]
[White "MarcosT"]
[Black "Zero007"]
[Result "0-1"]
[WhiteElo "2101"]
[BlackElo "2130"]

1. d4 d5 2. e3 Nf6 3. Nd2 Bf5 4. Be2 e6 5. f4 h5 6. Ngf3 Bd6 7. c3 g6 8. O-O O-O
9. Ne5 Kg7 10. Rf3 Ne4 11. Nxe4 dxe4 12. Rg3 h4 13. Rg5 f6 14. Rxf5 gxf5 15. Nc4
Rh8 16. Bh5 Rh6 17. Qe2 Qh8 18. Bd2 Rxh5 0-1

[Event "AUTO-OPEN-4610"]
[Site "http://www.queenalice.com/game.php?id=1871180"]
[Date "2026.3.29"]
[Round "2"]
[White "Zero007"]
[Black "MarcosT"]
[Result "1-0"]
[WhiteElo "2161"]
[BlackElo "2105"]

1. e4 e5 2. Nf3 Nf6 3. Nxe5 Nc6 4. Nxc6 dxc6 5. Nc3 Be6 6. g3 Bc5 7. Bg2 Qd7 8.
O-O Bh3 9. d3 O-O-O 10. Bg5 Be7 11. e5 Nd5 12. Bxh3 Qxh3 13. Bxe7 Nxe7 14. Qf3
Nf5 15. Ne4 Nd4 16. Qd1 h6 17. c3 Nf5 18. Qf3 Nh4 19. Qh1 Qg4 20. f3 Qg6 21. Kf2
Nf5 22. Ke2 Rhe8 23. d4 Ne7 24. f4 Nd5 25. f5 Qh7 26. Qf3 f6 27. e6 g5 28. c4
Ne7 29. Nxf6 Qh8 30. Nxe8 Qxd4 31. Qc3 Qe5+ 32. Qxe5 1-0

[Event "AUTO-OPEN-4610"]
[Site "http://www.queenalice.com/game.php?id=1871181"]
[Date "2026.3.29"]
[Round "2"]
[White "MarcosT"]
[Black "Cerberus"]
[Result "0-1"]
[WhiteElo "2106"]
[BlackElo "2708"]

1. d4 d5 2. e3 Nf6 3. Nd2 g6 4. Bd3 Bg7 5. f4 c5 6. c3 O-O 7. Ngf3 Nc6 8. O-O
Qb6 9. h3 Nh5 10. Kh2 Qc7 11. Ne5 Nxe5 12. fxe5 f6 13. Nf3 fxe5 14. Nxe5 Bxe5+
15. Kg1 Bh2+ 0-1

[Event "AUTO-OPEN-4610"]
[Site "http://www.queenalice.com/game.php?id=1871182"]
[Date "2026.3.29"]
[Round "2"]
[White "Cerberus"]
[Black "MarcosT"]
[Result "1-0"]
[WhiteElo "2707"]
[BlackElo "2107"]

1. e4 e5 2. f4 d5 3. exd5 Qxd5 4. Nc3 Qe6 5. fxe5 Qxe5+ 6. Be2 Bg4 7. d4 Qe6 8.
d5 Qe7 9. Qd3 Nf6 10. Bf4 g6 11. O-O-O Bf5 12. Qd4 Bg7 13. d6 cxd6 14. Bxd6 Qd7
15. Nb5 1-0

[Event "AUTO-OPEN-4610"]
[Site "http://www.queenalice.com/game.php?id=1871183"]
[Date "2026.3.29"]
[Round "2"]
[White "MarcosT"]
[Black "cerenzo72"]
[Result "1-0"]
[WhiteElo "2089"]
[BlackElo "2185"]

1. d4 Nf6 2. e3 d5 3. Nd2 a6 4. Bd3 Nbd7 5. f4 e6 6. Ngf3 c5 7. c3 cxd4 8. cxd4
Bd6 9. O-O O-O 10. Ne5 h6 11. Rf3 Be7 12. Rh3 Nxe5 13. fxe5 Nh7 14. Qc2 Ng5 15.
Rg3 h5 16. Nf3 Nxf3+ 17. Rxf3 f5 18. Bd2 g5 19. Raf1 g4 20. R3f2 Rf7 21. e4 dxe4
22. Bxe4 Qxd4 23. Bd3 Qxe5 24. Kh1 Bd6 25. Bf4 Qc5 26. Qb1 Bxf4 27. Rxf4 b5 28.
b4 Qc6 29. Be4 fxe4 30. Rxf7 Bb7 31. Qa1 e5 32. Qxe5 Qh6 33. R7f6 Qg7 34. Qe6+
Kh7 35. Rf7 Rc8 36. Rxg7+ Kxg7 37. Rf7+ Kh8 38. Qh6+ 1-0

[Event "AUTO-OPEN-4610"]
[Site "http://www.queenalice.com/game.php?id=1871184"]
[Date "2026.3.29"]
[Round "2"]
[White "cerenzo72"]
[Black "MarcosT"]
[Result "1-0"]
[WhiteElo "2140"]
[BlackElo "2092"]

1. c4 e5 2. g3 Nc6 3. Bg2 Nf6 4. Nc3 Bc5 5. e3 a6 6. Nge2 O-O 7. O-O Re8 8. d4
exd4 9. exd4 Ba7 10. d5 Ne7 11. Bg5 d6 12. Bxf6 gxf6 13. Nf4 Ng6 14. Nh5 Bd7 15.
Qf3 Bd4 16. Rad1 Be5 17. Qd3 f5 18. f4 Bxc3 19. Qxc3 1-0

[Event "AUTO-OPEN-4648"]
[Site "http://www.queenalice.com/game.php?id=1871970"]
[Date "2026.4.15"]
[Round "1"]
[White "MarcosT"]
[Black "SGF"]
[Result "1-0"]
[WhiteElo "2097"]
[BlackElo "1644"]

1. d4 e6 2. e3 Qf6 3. Nf3 d5 4. Bd3 Be7 5. Nbd2 a5 6. c3 Qg6 7. Bxg6 hxg6 8. O-O
Bd6 9. Ne5 Bxe5 10. dxe5 c5 11. Nf3 f6 12. Re1 b5 13. b3 b4 14. c4 Bb7 15. a4
Ne7 16. Bb2 d4 17. exf6 gxf6 18. exd4 Bxf3 19. Qxf3 Nbc6 20. Rxe6 Kd7 21. Rae1
Ne5 22. Qxf6 N5c6 23. Rxe7+ Nxe7 24. Rxe7+ Kc8 25. Qc6+ Kd8 26. Qc7# 1-0

[Event "AUTO-OPEN-4648"]
[Site "http://www.queenalice.com/game.php?id=1871971"]
[Date "2026.4.15"]
[Round "1"]
[White "SGF"]
[Black "MarcosT"]
[Result "0-1"]
[WhiteElo "1674"]
[BlackElo "2099"]

1. e4 e5 2. Qf3 Nf6 3. d3 Nc6 4. c3 Be7 5. Be2 O-O 6. Qg3 d5 7. Bh6 Ne8 8. h4
Kh8 9. Bxg7+ Nxg7 10. h5 Rg8 11. exd5 Qxd5 12. Qf3 Qd8 13. Qxf7 Be6 14. Qf3 Rf8
15. Qe4 Bd5 16. Qg4 Be6 17. Qg3 Nf5 18. Qf3 Nfd4 19. cxd4 Rxf3 20. Nxf3 Bb4+ 21.
Nbd2 Nxd4 22. Nxd4 Bxd2+ 23. Kxd2 Qxd4 24. Kc2 c5 25. g3 c4 26. Rh4 cxd3+ 27.
Bxd3 Rc8+ 28. Kd2 Qxb2+ 29. Ke3 Qxa1 30. Re4 Qe1+ 31. Kf3 Rf8+ 32. Kg2 Rxf2# 0-1